| 000 | 00375 a2200145 4500 | ||
|---|---|---|---|
| 999 |
_c5165 _d5165 |
||
| 020 | _a0949229431 | ||
| 050 | _aP106MAR1997 | ||
| 100 | _aMarx, Paul | ||
| 245 |
_aDictionary Exercise / _cPaul Marx and Tex Harding |
||
| 264 |
_aHarare _bAcademic Books _c1997 |
||
| 300 | _a52p. | ||
| 500 | _aIncludes index | ||
| 650 | _aDictionary---- Exercises | ||
| 942 |
_2lcc _cBK _h106 _iMAR _kP |
||